Perú en cifras 1944-1945
محفوظ في:
| المؤلف الرئيسي: | |
|---|---|
| التنسيق: | كتاب |
| اللغة: | الإسبانية |
| منشور في: |
Lima
Ediciones Internacionales
1945
|
| الموضوعات: | |
| الوسوم: |
إضافة وسم
لا توجد وسوم, كن أول من يضع وسما على هذه التسجيلة!
|
MARC
| LEADER | 00000nam a2200000 a 4500 | ||
|---|---|---|---|
| 001 | UCH2990 | ||
| 003 | CL-VaPUC | ||
| 008 | 090709e19450000PE |||||||||||||||||spa|d | ||
| 082 | 0 | 4 | |a 985.0632 |b SAI |2 21 |
| 100 | 0 | |a Sainte Marie S., Dario |e author |9 538077 | |
| 245 | 1 | 0 | |a Perú en cifras 1944-1945 |
| 300 | |a 1012 p | ||
| 942 | |c BK | ||
| 945 | |d 20090709 00:00:00 |a rbrito | ||
| 260 | |a Lima |b Ediciones Internacionales |c 1945 | ||
| 650 | 0 | |a Historia del Perú |9 430972 | |
| 583 | |a last modification |c 20090709 00:00:00 |k Rodrigo Vera | ||
| 999 | |c 334647 |d 334645 | ||
| 952 | |0 0 |1 0 |4 0 |6 985_063200000000000_SAI_1945 |7 0 |8 X |9 423768 |a FDOBUD |b FDOBUD |d 2019-11-22 |i 4566386 |o 985.0632 SAI 1945 |p 4566386 |r 2019-11-22 |w 2019-11-22 |y BK_X |k BUD | ||